000 00289nam a2200121Ia 4500
003 GCL
008 140319s9999 xx 000 0 eng d
040 _aGCL /
_cGCL
082 0 4 _a658.409
_bS W
245 1 0 _aTHE WORKING LEADER
260 _a[S.N] :
_bTHE FREE PRESS ،
_c1993
300 _a277 P
999 _c20778
_d20778